The crossroads of class & gender: industrial homework subcontracting and household dynamics in Mexico city

Guardat en:
Dades bibliogràfiques
Autor principal: BENERIA, Lourdes
Format: Llibre
Idioma:anglès
Publicat: Lourdes Beneria and Martha Roldan , 1987.
Etiquetes: Afegir etiqueta
Sense etiquetes, Sigues el primer a etiquetar aquest registre!

MARC

LEADER 00000nam a22000007a 4500
008 201218b ||||| |||| 00| 0 eng d
020 |a : 0-226-04232-4 
100 |a BENERIA, Lourdes 
245 |a The crossroads of class & gender: industrial homework subcontracting and household dynamics in Mexico city 
260 |b  Lourdes Beneria and Martha Roldan  |c , 1987.  |h  Chicago: University of Chicago Press  |i 670145  |l HQ1465 .M6B43 
500 |a (Women in culture and society 
942 |a lcc  |c BK  |e j o ifatola  |f 18/ 12/ 2020 
952 |0 0  |1 0  |2 lcc  |4 0  |6 HQ1465 M6 B43  |7 0  |9 888  |a HOL  |b HOL  |c GJ  |d 2020-12-18  |l 0  |o HQ1465 .M6B43  |p 2020-230102  |r 2020-12-18 00:00:00  |w 2020-12-18  |y BK 
999 |c 485  |d 485